do you know darius? - Statistics

General Stats
  • This quiz has been taken 9 times
  • The average score is 5 of 7
Answer Stats
Question Answer % Correct
What grade is Darius in as of 2024? 14
100%
What stim does Darius use in front of the baddies? Gyatt Gyatt Gyatt Gyatt
100%
Is Darius the goat? Yes
100%
How old will Darius be at the end of 2024? 20
50%
When is his birthday? Dec 20
50%
What stim does Darius use in the closet? Leedle leedle leedle
50%
What is Darius's favourite sport? Basketball
25%
No matching quizzes found
Score Distribution
Percent of People with Each Score
Percentile by Number Answered
Your Score History
You have not taken this quiz